[Event "Belgrade Trophy 31st"]
[Site "Belgrade"]
[Date "2017.11.26"]
[Round "3"]
[White "Caglar, Ahmet Ata"]
[Black "Knezevic, Velimir"]
[Result "1-0"]
[WhiteElo "2157"]
[BlackElo "1867"]
[PlyCount "73"]
[EventDate "2017.11.24"]
[EventType "swiss"]
[EventRounds "9"]
[EventCountry "SRB"]
[SourceTitle "CBM 181 Extra"]
[Source "ChessBase"]
[SourceDate "2017.12.12"]
[SourceVersion "1"]
[SourceVersionDate "2017.12.12"]
[SourceQuality "1"]

1. e4 c5 2. Nf3 e6 3. d4 cxd4 4. Nxd4 Bc5 5. Nb3 Bb6 6. Bd3 h6 7. 0-0 Nc6 8. c4 d6 9. Nc3 a6 10. Qe2 Nf6 11. Rd1 Qe7 12. Bf4 Nd4 13. Nxd4 Bxd4 14. Rac1 Bd7 15. Bb1 Bc5 16. e5 dxe5 17. Bxe5 Bc6 18. a3 a5 19. Nb5 0-0 20. Qc2 Ne4 21. Nd4 f5 22. Qe2 Rad8 23. Nxc6 bxc6 24. Bxe4 fxe4 25. Rxd8 Qxd8 26. Bg3 Qg5 27. Re1 Qf5 28. Qc2 Bd4 29. h3 e5 30. Re2 Qg6 31. Rxe4 Qxg3 32. Rxd4 Rxf2 33. Qxf2 Qxf2+ 34. Kxf2 exd4 35. b4 axb4 36. axb4 Kf7 37. Kf3 1-0

[Event "Belgrade Trophy 30th"]
[Site "Belgrade"]
[Date "2016.11.29"]
[Round "6"]
[White "Svicevic, Rastko"]
[Black "Knezevic, Velimir"]
[Result "1-0"]
[WhiteElo "2235"]
[BlackElo "1857"]
[PlyCount "67"]
[EventDate "2016.11.24"]
[EventType "swiss"]
[EventRounds "9"]
[EventCountry "SRB"]
[SourceTitle "CBM 175 Extra"]
[Source "ChessBase"]
[SourceDate "2016.12.12"]
[SourceVersion "1"]
[SourceVersionDate "2016.12.12"]
[SourceQuality "1"]

1. d4 e6 2. e4 d5 3. exd5 exd5 4. Nf3 h6 5. Bd3 Nf6 6. 0-0 a6 7. h3 Be6 8. Re1 Bd6 9. c3 c5 10. Bf5 Qe7 11. dxc5 Bxc5 12. Nbd2 0-0 13. Nb3 Re8 14. Nxc5 Qxc5 15. Nd4 Qc8 16. Nxe6 fxe6 17. Bg6 Re7 18. b3 Qc6 19. Ba3 Rc7 20. c4 Nbd7 21. Rc1 Rac8 22. Bd3 d4 23. f4 Nf8 24. Qe2 Re8 25. g4 Qd7 26. Rcd1 Qf7 27. Bb1 Rd7 28. Bc5 Nd5 29. cxd5 Rxd5 30. Bxf8 Kxf8 31. Qe4 e5 32. fxe5 Rdxe5 33. Qxe5 Rxe5 34. Rxe5 1-0

[Event "Belgrade Trophy 29th"]
[Site "Belgrade"]
[Date "2015.11.24"]
[Round "1"]
[White "Knezevic, Velimir"]
[Black "Stamatovic, Aleksandar"]
[Result "0-1"]
[WhiteElo "1871"]
[BlackElo "2215"]
[PlyCount "38"]
[EventDate "2015.11.24"]
[EventType "swiss"]
[EventRounds "9"]
[EventCountry "SRB"]
[SourceTitle "CBM 170 Extra"]
[Source "ChessBase"]
[SourceDate "2016.02.25"]
[SourceVersion "1"]
[SourceVersionDate "2016.02.25"]
[SourceQuality "1"]

1. e4 d5 2. exd5 Nf6 3. c4 c6 4. dxc6 Nxc6 5. h3 e5 6. a3 Bc5 7. Nc3 0-0 8. b4 Bxf2+ 9. Kxf2 Qd4+ 10. Ke2 Qxc4+ 11. Kf2 Qd4+ 12. Ke2 Ne4 13. Qe1 Rd8 14. Nxe4 Qxe4+ 15. Kd1 Qd5 16. Qg3 Nd4 17. Ne2 Bf5 18. Nxd4 exd4 19. Bb2 Re8 0-1

[Event "SRB-chT Central"]
[Site "Kraljevo"]
[Date "2011.09.24"]
[Round "10.5"]
[White "Knezevic, Velimir"]
[Black "Zajic, Milan"]
[Result "0-1"]
[WhiteElo "1864"]
[BlackElo "2110"]
[PlyCount "106"]
[EventDate "2011.09.17"]
[EventType "team-tourn"]
[EventRounds "11"]
[EventCountry "SRB"]
[SourceTitle "CBM 144 Extra"]
[Source "ChessBase"]
[SourceDate "2011.10.28"]
[SourceVersion "1"]
[SourceVersionDate "2011.10.28"]
[SourceQuality "1"]
[WhiteTeam "Sloboda"]
[BlackTeam "Paracin"]
[WhiteTeamCountry "YUG"]
[BlackTeamCountry "YUG"]

1. e4 d5 2. exd5 Qxd5 3. Nc3 Qd6 4. d4 Nf6 5. Nf3 c6 6. h3 Bf5 7. Bd3 Bxd3 8. Qxd3 Nbd7 9. Be3 e6 10. 0-0 Qc7 11. Rfe1 Bd6 12. Rad1 0-0 13. a3 Rad8 14. Ne4 Bf4 15. Nxf6+ Nxf6 16. Bxf4 Qxf4 17. Qe3 Qc7 18. Ne5 Rd5 19. c3 Rfd8 20. b4 Nd7 21. Nxd7 Qxd7 22. Qg3 h6 23. Re5 Rxe5 24. Qxe5 Qd5 25. Qxd5 cxd5 26. Kf1 Rc8 27. Rc1 Kh7 28. Ke2 Kg6 29. Kd3 Rc4 30. Re1 Rc6 31. Kc2 f6 32. f4 Kf5 33. g3 h5 34. Kd3 h4 35. Rg1 hxg3 36. Rxg3 g6 37. a4 Rc8 38. a5 b6 39. a6 b5 40. Rg1 Rc6 41. Ra1 Kxf4 42. Rg1 g5 43. Rf1+ Kg3 44. Rxf6 Kxh3 45. Rf7 Rxa6 46. Rb7 g4 47. Rxb5 g3 48. Rb8 g2 49. Rh8+ Kg3 50. Rg8+ Kf2 51. Rf8+ Ke1 52. Rg8 Ra2 53. Ke3 Rf2 0-1

[Event "SRB-chT Central"]
[Site "Kraljevo"]
[Date "2011.09.19"]
[Round "4"]
[White "Knezevic, Velimir"]
[Black "Lazic, Dragoljub"]
[Result "0-1"]
[WhiteElo "1864"]
[BlackElo "2295"]
[PlyCount "80"]
[EventDate "2011.09.17"]
[EventType "team-tourn"]
[EventRounds "11"]
[EventCountry "SRB"]
[SourceTitle "CBM 144 Extra"]
[Source "ChessBase"]
[SourceDate "2011.10.28"]
[SourceVersion "1"]
[SourceVersionDate "2011.10.28"]
[SourceQuality "1"]
[WhiteTeam "Sloboda"]
[BlackTeam "Metalac"]
[WhiteTeamCountry "YUG"]
[BlackTeamCountry "YUG"]

1. e4 c5 2. Nf3 d6 3. d4 cxd4 4. Nxd4 Nf6 5. Nc3 a6 6. f4 Nbd7 7. Bd3 e6 8. 0-0 b5 9. Qe1 Bb7 10. a3 Be7 11. Kh1 Qc7 12. Bd2 0-0 13. f5 e5 14. Nf3 d5 15. exd5 Nxd5 16. Qg3 Nxc3 17. Bxc3 Bf6 18. Rae1 Rfe8 19. Be4 Bxe4 20. Rxe4 Qc6 21. Rfe1 Nc5 22. R4e2 e4 23. Ne5 Qd5 24. Rd2 Bxe5 25. Rxd5 Bxg3 26. Rxc5 Bxe1 27. Bxe1 Rac8 28. Rxc8 Rxc8 29. Bc3 Rc5 30. g4 h5 31. h3 hxg4 32. hxg4 a5 33. Bxa5 Rxc2 34. Bc3 g6 35. fxg6 fxg6 36. Kg1 Kf7 37. Kf1 Ke6 38. g5 Kf5 39. Bf6 Kf4 40. Ke1 e3 0-1

[Event "Battle of Senta op-B 15th"]
[Site "Senta"]
[Date "2011.07.23"]
[Round "9"]
[White "Knezevic, Velimir"]
[Black "Vilagos, Emil"]
[Result "1-0"]
[WhiteElo "1904"]
[BlackElo "1588"]
[PlyCount "59"]
[EventDate "2011.07.16"]
[EventType "swiss"]
[EventRounds "9"]
[EventCountry "SRB"]
[SourceTitle "EXT 2019"]
[Source "ChessBase"]
[SourceDate "2018.10.10"]
[SourceVersion "1"]
[SourceVersionDate "2018.10.10"]
[SourceQuality "1"]

1. e4 Nf6 2. e5 Nd5 3. c4 Nb6 4. d4 d6 5. exd6 cxd6 6. Be3 g6 7. Bd3 Bg7 8. h3 Nc6 9. Nf3 0-0 10. Nc3 Kh8 11. a3 e5 12. d5 Ne7 13. 0-0 h6 14. Qd2 Kh7 15. Rfe1 f5 16. Bf1 Ng8 17. b4 Nf6 18. Rad1 Nbd7 19. Nb5 Ne4 20. Qc2 b6 21. Nd2 Ndf6 22. Nxe4 Nxe4 23. f3 Ng3 24. Bd3 Qe7 25. Bf2 Nh5 26. c5 dxc5 27. bxc5 Nf4 28. Bf1 Rd8 29. d6 Qe8 30. c6 1-0

[Event "Battle of Senta op-B 15th"]
[Site "Senta"]
[Date "2011.07.20"]
[Round "6"]
[White "Soklovacki, Mila"]
[Black "Knezevic, Velimir"]
[Result "0-1"]
[WhiteElo "1528"]
[BlackElo "1904"]
[PlyCount "100"]
[EventDate "2011.07.16"]
[EventType "swiss"]
[EventRounds "9"]
[EventCountry "SRB"]
[SourceTitle "EXT 2019"]
[Source "ChessBase"]
[SourceDate "2018.10.10"]
[SourceVersion "1"]
[SourceVersionDate "2018.10.10"]
[SourceQuality "1"]

1. e4 c5 2. Nf3 Nc6 3. Bb5 e6 4. 0-0 a6 5. Bxc6 bxc6 6. d3 d5 7. Bf4 Bd6 8. Bxd6 Qxd6 9. Nbd2 Ne7 10. Nb3 e5 11. h3 0-0 12. Qe2 Ng6 13. Rfe1 Nf4 14. Qe3 d4 15. Qd2 Qg6 16. Nh4 Qg5 17. g3 Nxh3+ 18. Kg2 Qxd2 19. Nxd2 Ng5 20. Nb3 Ne6 21. Rac1 a5 22. Nf3 f6 23. c3 a4 24. Nbd2 Ba6 25. c4 Rfb8 26. b3 a3 27. Nb1 Nc7 28. Rc2 Bc8 29. Rh1 Na6 30. Rd2 Nb4 31. Ne1 Be6 32. f3 f5 33. exf5 Bxf5 34. g4 Bg6 35. Kg3 Nxa2 36. Rxa2 Rxb3 37. Nc2 Rxd3 38. Rxa3 Raxa3 39. Ncxa3 e4 40. Rf1 Rb3 41. Kf4 e3 42. Re1 Kf7 43. Ke5 Ke7 44. f4 Bd3 45. f5 h6 46. Kf4 Kf6 47. Kf3 Rb2 48. Kg3 Kg5 49. Rd1 Be2 50. Re1 Bxg4 0-1

[Event "Battle of Senta op-B 15th"]
[Site "Senta"]
[Date "2011.07.17"]
[Round "2"]
[White "Stankovic, Tomislav"]
[Black "Knezevic, Velimir"]
[Result "1-0"]
[WhiteElo "2082"]
[BlackElo "1904"]
[PlyCount "99"]
[EventDate "2011.07.16"]
[EventType "swiss"]
[EventRounds "9"]
[EventCountry "SRB"]
[SourceTitle "EXT 2019"]
[Source "ChessBase"]
[SourceDate "2018.10.10"]
[SourceVersion "1"]
[SourceVersionDate "2018.10.10"]
[SourceQuality "1"]

1. e4 c5 2. Nf3 Nc6 3. c4 e5 4. Nc3 Nf6 5. d3 h6 6. Be2 d6 7. 0-0 Be7 8. Nd5 0-0 9. Bd2 a6 10. a3 b5 11. b4 bxc4 12. Nxf6+ Bxf6 13. dxc4 Nd4 14. Nxd4 exd4 15. Rb1 Bb7 16. Bd3 Re8 17. Re1 Qc7 18. Qg4 Kh8 19. bxc5 dxc5 20. f4 g6 21. e5 Bg7 22. e6 Bc8 23. f5 Ra7 24. Qh4 Qd8 25. Qh3 g5 26. Qh5 f6 27. h4 Kg8 28. Qg6 Ree7 29. hxg5 hxg5 30. Kf2 Qe8 31. Qxe8+ Rxe8 32. Be4 Bf8 33. Ba5 Bd6 34. Bd5 Kg7 35. g4 Rh8 36. Rh1 Rh4 37. Bb6 Re7 38. Rxh4 gxh4 39. Rh1 Bg3+ 40. Kf3 Rb7 41. Bxc5 Rb3+ 42. Ke4 Bb7 43. Bxd4 Bxd5+ 44. Kxd5 Rd3 45. Ke4 Rxa3 46. Rb1 h3 47. Rb7+ Kg8 48. Bxf6 h2 49. Rg7+ Kh8 50. Rg5+ 1-0